| 000 | | | 05642cfm2a2200000#x 450 |
| 001 | | | 97c63bc9-3860-407e-8703-4c123326bab8 |
| 005 | | | 20230824150629.0 |
| 100 | ## | $a | 20131009l18891889k y0rusy0189 ca |
| 101 | 0# | $a | rus |
| 102 | ## | $a | RU |
| 251 | ## | $c | Дело |
| 225 | 0# | $a | Фонд Техническо-строительный комитет МВД |
| | $h | Опись № 167 |
| 324 | ## | $a | Графика |
| 801 | #0 | $a | RU |
| | $b | РГИА |
| | $c | 20131009 |
| 801 | #1 | $a | RU |
| | $b | ГлавНИВЦ |
| | $c | 20131009 |
| | $2 | rusmarc |
| 801 | #2 | $a | RU |
| | $b | ПБ им. Б.Н. Ельцина |
| | $c | 20131011 |
| | $g | RCR |
| | $2 | rusmarc |
| 850 | ## | $a | Федеральное казенное учреждение "Российский государственный исторический архив" |
| 852 | ## | $a | РГИА |
| | $j | 61 |
| 937 | ## | $a | ASBIBLIO_SCAN |
| | $b | РГИА_1293:_167:Херсонская губ_61: |
| | $d | 6393240 |
| | $h | РГИА |
| 200 | 1# | $a | Херсонская губерния. Проект бетонной лестницы в здании канцелярии в гор. Херсоне |
| | $j | 1889 |
| 215 | ## | $a | 2 листа |
| 035 | ## | $a | 97c63bc9-3860-407e-8703-4c123326bab8 |
| 122 | 0# | $a | d1889###### |
| 300 | ## | $a | Оригинальный заголовок дела: Проект бетонной лестницы в здании канцелярии губернатора в гор. Херсоне |
| 300 | ## | $a | Бумага. Тушь, карандаш, акварель |
| 300 | ## | $a | Рукописный текст. Чернила |
| 120 | ## | $a | baa |
| 121 | ## | $a | a aaaa a |
| 123 | 1# | $a | a |
| 124 | ## | $a | a |
| | $b | j |
| 206 | ## | $b | В одном английском дюйме 3 сажени |
| 517 | 1# | $a | Проект бетонной лестницы в здании канцелярии губернатора в гор. Херсоне |
| 461 | #0 | $1 | 001597a3917-b61a-443f-a337-cac2b95e7413 |
| | $1 | 2001 |
| | $a | Техническо-строительный комитет МВД |
| | $1 | 251 |
| | $c | Фонд |
| | $1 | 852 |
| | $j | 1293 |
| 462 | #0 | $1 | 00174882a7e-fba9-4b57-a8bc-b3fb58ad7a85 |
| | $1 | 2001 |
| | $a | 1782-1917 гг. |
| | $v | Д. 61 |
| | $1 | 251 |
| | $c | Опись |
| | $1 | 852 |
| | $j | 167 |
| 606 | 1# | $a | Здания |
| | $j | Фотографии |
| | $x | Планировка и строительство |
| | $y | Херсон, город |
| | $z | 19 - нач. 20 вв. |
| | $2 | prlib_sh |
| | $3 | LIBNET\UAF\0000108218 |
| 605 | ## | $2 | acquisition_Prlib |
| | $3 | LIBNET\UAF\0000108061 |
| | $a | Херсонская область: страницы истории |
| | $l | коллекция |
| 605 | ## | $2 | acquisition_Prlib |
| | $3 | DITM\AF\0000004675 |
| | $a | Территория |
| | $l | коллекция |
| 617 | ## | $2 | prlib_sh |
| | $c | Херсонская область |
| 617 | ## | $2 | prlib_sh |
| | $c | Херсонская губерния |
| 686 | ## | $a | 63.3(28-8Хес)52-2я61 |
| | $v | LBC/M |
| | $2 | rubbk |